000
00267nam a2200109Ia 4500
001
1272259
005
20260417151425.0
008
260417s9999 xx 000 0 und d
020
_a
9786256495562
245
0
_a
On Dört Kurt
_c
Catherine Barr
260
_b
Ketebe Çocuk
999
_c
1272259
_d
1272259